000 00884nab a2200241 i 4500
001 180786
003 ES-MaACL
005 20250901015607.0
008 120712s1913 sp 000 0 spa d
040 _cES-MaACL
100 1 _aGarcía Martí, Victoriano,
_d1881-1966
_eaut
_954896
245 1 3 _aLa aceptación de la vida /
_cpor Victoriano García Martí
300 _aPáginas 1-12
594 _aPrecede al título: Conferencias del Ateneo de Madrid
599 _aRetrato del autor en portada
610 2 4 _aAteneo de Madrid-
_vConferencias-
_y1900-1939
_91907
650 7 _aVida
_2embne
_917793
650 7 _aEmociones y sentimientos (Filosofía)
_2embne
_912198
655 4 _aConferencias
_9234444
773 0 _tLa Palabra : revista taquigráfica,
_xISSN 2479-7723,
_gN. 9 (1 mayo 1913), p. 1-12
_02879
_92987
_w2879
942 _cANAB
_2udc
_n0
999 _c180786
_d180786